Del Gibraltar inglés (Record no. 95453)

MARC details
000 -LEADER
campo de control de longitud fija 00682nam a2200193 i 4500
001 - NÚMERO DE CONTROL
campo de control 95453
003 - IDENTIFICADOR DE NÚMERO DE CONTROL
campo de control ES-MaACL
005 - FECHA Y HORA DE LA ÚLTIMA TRANSACCIÓN
campo de control 20251113132055.0
007 - CAMPO FIJO DE DESCRIPCIÓN FÍSICA--INFORMACIÓN GENERAL
campo de control de longitud fija t|
008 - DATOS DE LONGITUD FIJA--INFORMACIÓN GENERAL
campo de control de longitud fija 050530s1976 sp ||||1| spa d
100 1# - ENTRADA PRINCIPAL--NOMBRE DE PERSONA
Nombre de persona Lleonart Amsélem, Alberto J.
9 (RLIN) 72763
245 10 - MENCIÓN DEL TÍTULO
Título Del Gibraltar inglés
Resto del título : su inconsciencia legal e histórica /
Mención de responsabilidad, etc. Alberto José LLeonart Amselem; prólogo de Lucas Mª de Oriol y Urquijo.
260 ## - PUBLICACIÓN, DISTRIBUCIÓN, ETC.
Lugar de publicación, distribución, etc. Madrid :
Nombre del editor, distribuidor, etc. Gráf. Uguina,
Fecha de publicación, distribución, etc. 1968.
300 ## - DESCRIPCIÓN FÍSICA
Extensión 291 p. ;
Dimensiones 21 cm.
700 1# - ENTRADA AGREGADA--NOMBRE PERSONAL
Nombre de persona Oriol y Urquijo, Lucas María de,
Fechas asociadas al nombre 1910-2003
9 (RLIN) 174689
852 ## - LOCALIZACIÓN
Ubicación ES-MaACL
Número de control de estantería F-6264
Sublocalización o colección R.66485
852 ## - LOCALIZACIÓN
Ubicación ES-MaACL
Número de control de estantería C-34663
Sublocalización o colección R.66658
Holdings
Estatus retirado Estado de pérdida Estado de daño No para préstamo Biblioteca de origen Biblioteca actual Ubicación en estantería Fecha de adquisición Fuente de adquisición Total de préstamos Signatura topográfica completa Código de barras Visto por última vez Precio de reemplazo Tipo de ítem Koha
        Biblioteca del Ateneo de Madrid Biblioteca del Ateneo de Madrid Depósito 2 17/01/2008     C-34663 1099673 23/02/2023 23/02/2023 Libro impreso
        Biblioteca del Ateneo de Madrid Biblioteca del Ateneo de Madrid Depósito 2 17/01/2008     F-6264 1099672 23/02/2023 23/02/2023 Libro impreso